000 02008cam a22002054a 4500
005 20250605164143.0
008 250528s ||||||||||||||||||||||||d
035 _a19062
020 _a9604200666
040 _aGR-AtMCL
_bgre
_dGR-AtMCL
_eAACR2
245 1 _aΓενικό Εμπορικό Δίκαιο / Από την Εμπορική Πράξη στην Εμπορική Σύμβαση
250 _a
260 _bΠ. Ν. Σάκκουλας,
_c1998
300 _a280
520 _aΈννοια και Ιστορία και Ερμηνεία και Προοπτική του Εμπορικού Δικαίου, Η Έννοια του Εμπορικού Δικαίου και η Θέση του στο Σύστημα του Δικαίου, Ιστορία του Ελληνικού Εμπορικού Δικαίου, Πηγές του Εμπορικού Δικαίου και το Ζήτημα της Ερμηνείας, Συστηματική Διάρθρωση του Εμπορικού Δικαίου, Το Κριτήριο της Εμπορικότητας και η Προοπτική του Εμπορικού Δικαίου, Εμπορική Πράξη και Εμπορική Σύμβαση, Εμπορική Πώληση, Πρακτορεία, Παραγγελία, Μεταφορά, Ενέγγυα Πίστωση και Εγγυητική Επιστολή, Έμπορος και Συνέπειες Ιδιότητας και Εμπορικής Πράξης, Εμπορική Δημοσιότητα, Συστήματα Διανομής Εμπορευμάτων, Μέσα Πληρωμής στις Εμπορικές Συναλλαγές, Ενοχικά και Εμπράγματα Δικαιώματα στο Εμπορικό Δίκαιο, Η Συμβολή της Νομολογία στο Εμπορικό Δίκαιο και τα Νομοθετικά Προβλήματα.
700 1 _aΛιακόπουλος Θανάσης Θ
_92642
942 _cBK
999 _c4345
_d4345